000 00339nam a2200145Ia 4500
008 210210b1934 xxu||||| |||| 00| 0 eng d
041 _aeng
082 _a823/408
100 _aSHAKESPEARE (William)
245 _aWorks
260 _aOxford
_bOdhams Press Limited
_c1934
650 _aWorks
690 _aEnglish Drama
906 _a013951
999 _c133020
_d133020